| 000 | 06226nam a22005297a 4500 | ||
|---|---|---|---|
| 005 | 20120209115110.0 | ||
| 010 | _aB-473928-950 | ||
| 020 |
_c50.00 _a9788185586557 |
||
| 035 | _aB-473928-950 | ||
| 037 | _bब्लूबेरी बुक्स | ||
| 082 | _aक | ||
| 100 |
_aविजयन, ओ.वी. _950891 |
||
| 245 |
_aसमुद्र तट पर / _cओ.वी.विजयन;स्वप्न सरकार द्वारा चित्रांकित |
||
| 250 | _a5वां संस्क | ||
| 260 |
_aनई दिल्ली _bकथा _c2010 |
||
| 270 |
_aए-3 सर्वोदय एनक्लेव, श्री औरोबिन्दो मार्ग _bनई दिल्ली _e110017 |
||
| 300 |
_a 20 पृ. _bसचित्र _c22सेमी (अजिल्द) |
||
| 500 | _aमूल मलयालम भाषा से अनूदित व रूपांतरित | ||
| 700 |
_aस्वप्न सरकार _941293 |
||
| 700 | _941305 | ||
| 942 |
_2ddc _cCH _hक _mविजय |
||
| 999 |
_c62372 _d62372 |
||